000 00314nam a2200157Ia 4500
100 _aWatrall/Ethan/ Herber/N
650 _aFlash
942 _cBK
366 _f20
245 _aFlash 8
260 _bWiley India
_c2006
082 _a5.133
_bWAT
300 _a530
546 _aENGLISH
_cComputers
999 _c28433
_d28433